Ψάρια

Τα ψάρια μας οδηγούν σε ένα συναρπαστικό ταξίδι στα νερά του πλανήτη, για να ερευνήσουμε μύθους και γεγονότα γι' αυτά τα εξωτικά πλάσματα

Αποθηκεύτηκε σε:
Λεπτομέρειες βιβλιογραφικής εγγραφής
Άλλοι συγγραφείς: Hutt, David (Παραγωγός)
Μορφή: Βίντεο VHS
Γλώσσα:Greek
Δημοσίευση: [Great Britain] : Αθήνα : Dorling Kindersley Ltd, Ερευνητές, 1995
Σειρά:Ανακαλύπτω
Θέματα:
Ετικέτες: Προσθήκη ετικέτας
Δεν υπάρχουν, Καταχωρήστε ετικέτα πρώτοι!

MARC

LEADER 00000 gm a2200000 i 4500
001 1/71489
007 vf cbah
008 050214s1995 uk greod
020 |a 960-7243-74-9 
035 |l 10076544 
040 |a GR-MY-UA  |b gre  |e aacr 
041 0 |a gre 
082 0 |a 597  |2 (21 έκδ.) 
245 1 0 |a Ψάρια  |h [μαγνητοσκόπηση] /  |c παραγωγή : David Hutt ; κείμενο : David Hanson 
260 |a [Great Britain] :   |a Αθήνα :   |b Dorling Kindersley Ltd,   |b Ερευνητές,   |c 1995 
300 |a 1 βιντεοκασέτα (35 λεπτ.);  |b ομιλ., έγχρ.;  |c 1/2 ίν. 
490 1 |a Ανακαλύπτω 
511 |a Αφήγηση : Δημήτρης Κοντογιάννης 
520 |a Τα ψάρια μας οδηγούν σε ένα συναρπαστικό ταξίδι στα νερά του πλανήτη, για να ερευνήσουμε μύθους και γεγονότα γι' αυτά τα εξωτικά πλάσματα 
538 |a VHS 
650 0 0 |a Fishes. 
700 1 |a Hutt, David.  |4 pro 
830 0 |a Ανακαλύπτω 
852 |a INST  |b RHODES  |c AV  |e 20050214  |h 597 ΨΑΡ  |p 005400017827  |q 005400017827  |t VC  |y 23 
901 |a BIBL4-2005-1 
909 |a Ρ  |b 042813 
922 |a 4  |b 199604  |c ΒΙΒΛΙΟΘΗΚΗ 
970 |z 2005/02/14